The liberal imagination : (Record no. 553449)
[ view plain ]
| 000 -LEADER | |
|---|---|
| fixed length control field | 00877cam a2200169 i 4500 |
| 020 ## - INTERNATIONAL STANDARD BOOK NUMBER | |
| International Standard Book Number | 0684147319 : |
| -- | 0684147327 |
| 082 00 - DEWEY DECIMAL CLASSIFICATION NUMBER | |
| Classification number | 814 |
| Author Mark | TRI |
| 100 1# - MAIN ENTRY--PERSONAL NAME | |
| Personal name | Trilling, Lionel, |
| 9 (RLIN) | 50684 |
| 245 14 - TITLE STATEMENT | |
| Title | The liberal imagination : |
| Remainder of title | essays on literature and society / |
| Statement of responsibility, etc. | by Lionel Trilling. |
| 260 ## - PUBLICATION, DISTRIBUTION, ETC. | |
| Place of publication, distribution, etc. | New York : |
| Name of publisher, distributor, etc. | Scribner, |
| Date of publication, distribution, etc. | [1976] c1950. |
| 300 ## - PHYSICAL DESCRIPTION | |
| Extent | xvi, 303 p. ; |
| Dimensions | 21 cm. |
| 505 0# - FORMATTED CONTENTS NOTE | |
| Formatted contents note | Reality in America.--Sherwood Anderson.--Freud and literature.--The Princess Casamassima.--The function of the little magazine.--Huckleberry Finn.--Kipling.--The immortality Ode.--Art and neurosis.--The sense of the past.--Tacitus now.--Manners, morals, and the novel.--The Kinsey Report.--F. Scott Fitzgerald.--Art and fortune.--The meaning of a literary idea. |
| 526 ## - STUDY PROGRAM INFORMATION NOTE | |
| Program name | 0 |
| Interest level | 0 |
| Reading level | 0 |
| Title point value | 814_000000000000000_TRI |
| 650 #0 - SUBJECT ADDED ENTRY--TOPICAL TERM | |
| Topical term or geographic name entry element | Literature and society. |
| 9 (RLIN) | 50685 |
| 650 #0 - SUBJECT ADDED ENTRY--TOPICAL TERM | |
| Topical term or geographic name entry element | MCE |
| 9 (RLIN) | 379 |
| 942 ## - ADDED ENTRY ELEMENTS (KOHA) | |
| Source of classification or shelving scheme | |
| Koha item type | Book |
| Withdrawn status | Lost status | Source of classification or shelving scheme | Damaged status | Not for loan | Permanent Location | Current Location | Shelving location | Date acquired | Total Checkouts | Full call number | Barcode | Date last seen | Price effective from | Koha item type |
|---|---|---|---|---|---|---|---|---|---|---|---|---|---|---|
| Military College of Engineering (MCE) | Military College of Engineering (MCE) | 02/11/2015 | 814 TRI | MCE-MCL/3.2 | 02/11/2015 | 02/11/2015 | Book |
